Question Bank In Mechanical Engineering (Record no. 326458)
[ view plain ]
| 000 -LEADER | |
|---|---|
| fixed length control field | 00489nam a2200181Ia 4500 |
| 008 - FIXED-LENGTH DATA ELEMENTS--GENERAL INFORMATION | |
| fixed length control field | 230718s9999 xx 000 0 und d |
| 020 ## - INTERNATIONAL STANDARD BOOK NUMBER | |
| International Standard Book Number | 9788175156210 |
| 041 ## - LANGUAGE CODE | |
| Language code of text/sound track or separate title | eng |
| 082 ## - DEWEY DECIMAL CLASSIFICATION NUMBER | |
| Classification number | 621 |
| Item number | MUB |
| 100 ## - MAIN ENTRY--PERSONAL NAME | |
| Personal name | Mubeen A. |
| 9 (RLIN) | 174915 |
| 245 ## - TITLE STATEMENT | |
| Title | Question Bank In Mechanical Engineering |
| 250 ## - EDITION STATEMENT | |
| Edition statement | 2nd ed. |
| 260 ## - PUBLICATION, DISTRIBUTION, ETC. (IMPRINT) | |
| Date of publication, distribution, etc. | 2010 |
| Name of publisher, distributor, etc. | Galgotia Publication |
| 300 ## - PHYSICAL DESCRIPTION | |
| Extent | 1066 |
| 365 ## - TRADE PRICE | |
| Currency code | Rs. |
| Price amount | 350.00 |
| 700 ## - ADDED ENTRY--PERSONAL NAME | |
| Personal name | Mubeen A. |
| 9 (RLIN) | 174915 |
| 906 ## - LOCAL DATA ELEMENT F, LDF (RLIN) | |
| d | O:0130724-Nov-2010B:280315-Oct-2010 |
| c | MECH |
| b | 87.5 |
| Withdrawn status | Lost status | Damaged status | Not for loan | Home library | Current library | Date acquired | Vendor | Budget Code | Cost, normal purchase price | Bill number | Total Checkouts | Full call number | Barcode | Date last seen | Discount | Cost, replacement price | Bill Date | Koha item type | Original Barcode |
|---|---|---|---|---|---|---|---|---|---|---|---|---|---|---|---|---|---|---|---|
| Cummins College of Engineering for Women Pune | Cummins College of Engineering for Women Pune | 24/11/2010 | Om Book Stall | MECH | 262.50 | 2803 | 621 | CCEP-BK-37665 | 18/07/2023 | 87.5 | 350.00 | 15/10/2010 | Books | 037665 |